• 首页
  • 本馆介绍
  • 公告通知
  • 最新文献
  • 馆藏检索
  • 电子资源
  • 读者导购
  • 参考咨询
  • 我的图书馆
  • 登录
  • 期刊详细显示
  • 现刊情况显示
  • 合订本情况显示
  • 篇目信息显示

期刊信息

  • 表格格式
  • 工作单格式
  • 卡片格式
索取号 
N5/XBDX
题名 
西北大学学报
作者 
西北大学学报编辑部
分册号 
分册名 
出版地 
陕西西安
出版者 
西北大学学报编辑部
标准刊号 
1000-274X
出版频率 
季刊
中图法分类 
N5
主题词 
自然科学 丛书; 自然科学 文集; 自然科学 连续出版物
电子资源 
000 00747nas0 2200253 45
001 0552754062
005 20190701102411.11
010    @d10
011    @a1000-274X@dCNY2.00(1996)
091    @aCN61-1072/N
092    @b52-10
100    @a20051129d km y0chiy0120 ea
101 0  @achi
200 1  @a西北大学学报@AXi Bei Da Xue Xue Bao@i自然科学版@f西北大学学报编辑部@FXi Bei Da Xue Xue Bao Bian Ji Bu
210    @a陕西西安@c西北大学学报编辑部
326    @a季刊
517 1  @a自然科学版@AZi Ran Ke Xue Ban
606 0  @a自然科学@x丛书
606 0  @a自然科学@x文集
606 0  @a自然科学@x连续出版物
690    @aN5@v4
711  0 @a西北大学学报编辑部@AXi Bei Da Xue Xue Bao Bian Ji Bu
801  0 @aCN@bPFT@c20070710
905    @aTJWY@dN5@eXBDX
    
    西北大学学报.自然科学版/西北大学学报编辑部.-陕西西安:西北大学学报编辑部
    
    
    
    10 ISSN 1000-274X:CNY2.00(1996)
    
●
相关链接: 在易读查询期刊 在中国知网中查询期刊 在万方数据查询期刊 在维普查询期刊
唐山师范学院图书馆 欢迎您!
大连网信软件有限公司© 版权所有